| 000 | 02452cam a22002054a 4500 | ||
|---|---|---|---|
| 005 | 20250605163956.0 | ||
| 008 | 250528s ||||||||||||||||||||||||d | ||
| 035 | _a15475 | ||
| 020 | _a697133125 | ||
| 040 |
_aGR-AtMCL _bgre _dGR-AtMCL _eAACR2 |
||
| 245 | 1 | _aFoundations of Information Systems | |
| 260 |
_bIrwin Mcgraw-Hill, _c1998 |
||
| 300 | _a698 | ||
| 505 | 0 | _aBusiness Role and Structure of Information Systems, Introduction to Information Systems and Their Capabilities, Fundamental Concepts of Information Systems, Competiting with Information Systems, Information Technology, Information Systems Hardware, Information Systems Software, Database Management, Telecommunications and the Internet and Information System Architecture, Business Information Systems, Support of Individual and Group Knowledge Work, Transaction Processing and Management Reporting Systems, Decision Support and Executive Information Systems, Expert Systems and Applied Artificial Intelligence, Information Systems for Business Functions, Acquiring and Managing Information Systems, Business Reengineering and Information Systems Planning and Acquisitions, Managing and Controlling Information Systems, Developing Quality Information Systems, Development Life Cycle and System Analysis, Ethical and Societal and Global Issues in Information Systems, Glossary, Index. | |
| 520 | _aBusiness Role and Structure of Information Systems, Introduction to Information Systems and Their Capabilities, Fundamental Concepts of Information Systems, Competiting with Information Systems, Information Technology, Information Systems Hardware, Information Systems Software, Database Management, Telecommunications and the Internet and Information System Architecture, Business Information Systems, Support of Individual and Group Knowledge Work, Transaction Processing and Management Reporting Systems, Decision Support and Executive Information Systems, Expert Systems and Applied Artificial Intelligence, Information Systems for Business Functions, Acquiring and Managing Information Systems, Business Reengineering and Information Systems Planning and Acquisitions, Managing and Controlling Information Systems, Developing Quality Information Systems, Development Life Cycle and System Analysis, Ethical and Societal and Global Issues in Information Systems, Glossary, Index. | ||
| 700 | 1 |
_aZwass Vladimir _91406 |
|
| 942 | _cBK | ||
| 999 |
_c1054 _d1054 |
||